Fr. Conceicao Rodrigues College of Engineering

Mastering Bitcoin: Programming open block chain (Record no. 32768)

MARC details
000 -LEADER
fixed length control field 00275nam a2200133Ia 4500
100 ## - MAIN ENTRY--PERSONAL NAME
Personal name Antonopoulos/Andreas M
250 ## - EDITION STATEMENT
Edition statement 2
245 ## - TITLE STATEMENT
Title Mastering Bitcoin: Programming open block chain
260 ## - PUBLICATION, DISTRIBUTION, ETC.
Name of publisher, distributor, etc. o
366 ## - TRADE AVAILABILITY INFORMATION
Publishers's discount category 22
546 ## - LANGUAGE NOTE
Language note ENGLISH
942 ## - ADDED ENTRY ELEMENTS (KOHA)
Koha item type BOOK
Holdings
Withdrawn status Lost status Damaged status Not for loan Collection Home library Current library Date acquired Source of acquisition Cost, normal purchase price Inventory number Total Checkouts Full call number Barcode Date last seen Cost, replacement price Price effective from Koha item type
        CRC Fr. Agnel's C.Rodrigues College of Engineering Fr. Agnel's C.Rodrigues College of Engineering 17/03/2023 A.O enterprises 1092.00 349 dt 18.08.2022   25970 17/03/2023 1400.00   BOOK